Explaining standard yields in UK locations (Record no. 74069)
[ view plain ]
| 000 -LEADER | |
|---|---|
| fixed length control field | 01582cab a2200217 4500 |
| 001 - CONTROL NUMBER | |
| control field | ABS67408 |
| 008 - FIXED-LENGTH DATA ELEMENTS--GENERAL INFORMATION | |
| fixed length control field | 040126n2003 000 0 eng u |
| 035 ## - SYSTEM CONTROL NUMBER | |
| System control number | (Sirsi) u124901 |
| 100 ## - MAIN ENTRY--PERSONAL NAME | |
| Personal name | Couchman, N. |
| 245 ## - TITLE STATEMENT | |
| Title | Explaining standard yields in UK locations |
| 260 ## - PUBLICATION, DISTRIBUTION, ETC. | |
| Date of publication, distribution, etc. | 2003 |
| 490 ## - SERIES STATEMENT | |
| Series statement | Journal of Retail and Leisure Property |
| Volume/sequential designation | 3(3) December 2003, 211-222(12) |
| 520 ## - SUMMARY, ETC. | |
| Summary, etc. | Reports on a study, which estimates a cross-sectional model of UK standard retail yields, in which yield differentials across 65 UK centres are examined with respect to rent variation and an extensive database of economic, social and location-specific information. Finds that two variables, retail footprint scores and occupational coding classification AB, capture the dynamism of local consumer spending power most effectively and explain yield differentials best. Concludes that locations at the high and low ends of the yield spectrum are not as well explained by this analysis as those in the middle range and cluster analysis should be explored in over- and under-pricing examinations. Table covers estimation results, figure details actual and predicted yields in low-and high-yield centres. Appendix lists range of variables used in the analysis. References and notes. [Taken from journal abstract]. |
| 590 ## - LOCAL NOTE (RLIN) | |
| Local note | ABS |
| 650 ## - SUBJECT ADDED ENTRY--TOPICAL TERM | |
| Topical term or geographic name entry element | PROPERTY-COMMERCIAL PROPERTY-RETAIL PROPERTY-RETAIL PROPERTY MARKET |
| 650 ## - SUBJECT ADDED ENTRY--TOPICAL TERM | |
| Topical term or geographic name entry element | RETAIL CENTRES |
| 650 ## - SUBJECT ADDED ENTRY--TOPICAL TERM | |
| Topical term or geographic name entry element | RETAIL YIELDS |
| 690 ## - LOCAL SUBJECT ADDED ENTRY--TOPICAL TERM (OCLC, RLIN) | |
| Topical term or geographic name as entry element | PROPERTY-COMMERCIAL PROPERTY-COMMERCIAL PROPERTY FINANCE AND INVESTMENT |
| 700 ## - ADDED ENTRY--PERSONAL NAME | |
| Personal name | Tsolacos, S. |
| 942 ## - ADDED ENTRY ELEMENTS (KOHA) | |
| Suppress in OPAC | 0 |
| Withdrawn status | Lost status | Source of classification or shelving scheme | Damaged status | Not for loan | Home library | Current library | Shelving location | Date acquired | Total Checkouts | Full call number | Barcode | Date last seen | Copy number | Price effective from | Koha item type |
|---|---|---|---|---|---|---|---|---|---|---|---|---|---|---|---|
| Dewey Decimal Classification | London | London | Journal article | 26/01/2004 | ABS67408 | 124901-1001 | 06/08/2019 | 1 | 06/08/2019 | Journal article |